000 00947nam a2200277 c 4500
999 _c344272
_d344272
003 BLK
005 20200427104855.0
008 180911b bul|||||r ||||||| ||bul||
010 _a003937
040 _aBLK
041 _aSER
_cBUL
080 _z39(497.1)
100 1 _aGAVAZZI, Milovan
_eпърви автор
_9398242
245 0 0 _aStara hrvatska bastina u narodnom blagu gradiscanskih hrvata
260 _aSarajevo
_bNova tiskara
_c1935
300 _a13 с
_c23 см
380 _a5
490 _aЧастна колекция - Академик Михаил Арнаудов
_gДарение - Основен фонд
500 _aМихаил Арнаудов: негови-книга. - Бележки по полетата. - Автограф с текст: Gosp. Prof. Dr M. Arnaudovu s postovanjem i posdravom autor
520 _a
655 _aЕтнология
_9396841
700 1 _aMilovan Gavazzi
_9398243
852 _aМА 1516
_bМА
942 _cKNG
_n0
_s1
944 _aCR
_c1996
_kValK
999 _d344272
999 _d344272